|
|
|
|
| LEADER |
01718nam a2200385 a 4500 |
| 001 |
15312049 |
| 008 |
111227s2009 dcua b i001 0 eng |
| 010 |
|
|
|a 2008024106
|
| 015 |
|
|
|a GBA883912
|2 bnb
|
| 016 |
7 |
|
|a 014657602
|2 Uk
|
| 020 |
|
|
|a 9780821373088 (print)
|
| 020 |
|
|
|a 0821373080 (print)
|
| 020 |
|
|
|a 9780821373095 (electronic)
|
| 020 |
|
|
|a 0821373099 (electronic)
|
| 040 |
|
|
|a DLC
|c DLC
|d YDXCP
|d BTCTA
|d BAKER
|d UKM
|d OCLCG
|d C#P
|d BWX
|d CDX
|d DLC
|d BD-DhAAL
|
| 043 |
|
|
|a a-cc---
|a a-ii---
|a cl-----
|
| 050 |
0 |
0 |
|a HF1480.5.Z4
|b C634 2009
|
| 082 |
0 |
0 |
|a 337.8051
|2 22
|
| 245 |
0 |
0 |
|a China's and India's challenge to Latin America :
|b opportunity or threat? /
|c edited by Daniel Lederman, Marcelo Olarreaga, and Guillermo E. Perry.
|
| 260 |
|
|
|a Washington, D.C. :
|b The World Bank,
|c c2009.
|
| 300 |
|
|
|a xxviii, 331 p. :
|b ill. ;
|c 23 cm.
|
| 490 |
1 |
|
|a Latin American development forum series
|
| 504 |
|
|
|a Includes bibliographical references and index.
|
| 541 |
|
|
|e 00024151
|
| 651 |
|
0 |
|a Latin America
|x Foreign economic relations
|z China.
|
| 651 |
|
0 |
|a China
|x Foreign economic relations
|z Latin America.
|
| 651 |
|
0 |
|a Latin America
|x Foreign economic relations
|z India.
|
| 651 |
|
0 |
|a India
|x Foreign economic relations
|z Latin America.
|
| 700 |
1 |
|
|a Lederman, Daniel,
|d 1968-
|
| 700 |
1 |
|
|a Olarreaga, M.
|q (Marcelo)
|
| 700 |
1 |
|
|a Perry, Guillermo.
|
| 830 |
|
0 |
|a Latin American development forum.
|
| 852 |
1 |
|
|a Ayesha Abed Library
|c General shelf.
|
| 999 |
|
|
|c 11684
|d 11684
|
| 952 |
|
|
|0 0
|1 0
|2 ddc
|4 0
|6 337_805100000000000_CHI
|7 0
|9 18999
|a BRACUL
|b BRACUL
|c GEN
|d 2011-12-27
|e Micro Industries Development Assistance and Services (MIDAS)
|g 2800.00
|l 0
|o 337.8051 CHI
|p 3010024151
|r 2011-12-28
|t 1
|w 2011-12-28
|y BK
|x USD-35(Book Price)
|